Normas de auditoría del sector público
Publicado:
Madrid :
Intervención General de la Administración del Estado. Ministerio de Economía y Hacienda ,
1985
Descripción Física:
81 p. ; 23 cm
MARC
| LEADER | 00000nam a2200000Ia 4500 | ||
|---|---|---|---|
| 001 | 18446 | ||
| 008 | 160829s1985 xx 000 0 cat d | ||
| 080 | |a M-5-328 | ||
| 245 | |a Normas de auditoría del sector público | ||
| 250 | |a 2a ed. | ||
| 260 | |a Madrid : |b Intervención General de la Administración del Estado. Ministerio de Economía y Hacienda, |c 1985 | ||
| 300 | |a 81 p. ; |c 23 cm | ||
| 650 | |a Auditoria |x Normes |x Espanya |9 37695 | ||
| 650 | |a Finances públiques |x Auditoria |9 37696 | ||
| 710 | 1 | |a Espanya. |b Intervención General de la Administración del Estado |9 55087 | |
| 901 | |a Arxiu | ||
| 942 | |n 1 | ||
| 952 | |0 0 |1 0 |4 0 |6 M5328 |7 1 |9 47997 |a Arxiu |b Arxiu |d 2016-12-01 |l 0 |o M-5-328 |p 18446 |r 2016-12-01 00:00:00 |w 2016-12-01 |y ARXIU | ||
| 999 | |c 51798 |d 51798 | ||